000 00345nam a22001337a 4500
999 _c55039
_d55039
008 200205b ||||| |||| 00| 0 eng d
041 _aeng
080 _2043.3
_a043.3
082 _a043.3
100 _a0
101 _aMTH
245 _aNdikimi i Investimeve të Huaja Direkte në Sektorin e Bujqësisë në Kosovë
_cImeri,E
942 _2udc
_cBK